header

Latin American melodrama (Record no. 216443)

MARC details
000 -LEADER
fixed length control field 01339nam a2200337Ia 4500
245 00 - TITLE STATEMENT
Title Latin American melodrama
260 ## - PUBLICATION, DISTRIBUTION, ETC. (IMPRINT)
Place of publication Urbana :
Name of publisher University of Illinois Press,
Year of publication c2009.
300 ## - PHYSICAL DESCRIPTION
Number of Pages 183 p. :
Other physical details ill.
650 #0 - SUBJECT ADDED ENTRY--TOPICAL TERM
Topical Term Motion pictures
Topical Term National characteristics, Latin American.
700 1# - ADDED ENTRY--PERSONAL NAME
Personal name Sadlier, Darlene J.
856 40 - ELECTRONIC LOCATION AND ACCESS
Uniform Resource Identifier http://site.ebrary.com/lib/rucke/Doc?id=10593677

No items available.

© 2026 Rongo University
Contact us: librarian | system librarian | Rongo university